000 00670nam a2200241 i 4500
001 9243
003 ES-MaACL
005 20230906145633.0
007 t|
008 930526s1993 sp |||| | spa d
020 _a84-7880-270-3
080 _a323.25-057.87(44)
100 1 _aAlbiac, Gabriel.
_919376
245 1 0 _aMayo del 68
_b: una educación sentimental /
_cGabriel Albiac.
250 _a1ª ed.
260 _aMadrid :
_bTemas de Hoy,
_c1993.
300 _a199 p. ;
_c21 cm.
490 1 _aEnsayo
651 4 _aFrancia-
_xHistoria-
_y1968, Movimientos estudiantiles.
_9162957
830 0 _aEnsayo
_9177699
852 _aES-MaACL
_jL-16725
999 _c9243
_d9243